00906cam a22002411 450000100060000000300080000600500170001400800390003103500190007004000230008904100110011208200220012310000310014524500720017626000440024830000600029250000560035250400510040865000350045994200120049499900170050695201410052316797BD-RjUL20211209000042.0140215s1967 mauabeh b 001 0 eng a(BD-RjUL)16852 aDLCcDLCdDLCbeng1 aengita00a711.409bBEO 19671 aBenevolo, Leonardo.95186714aThe origins of modern town planning /cTranslated by Judith Landry. aCambridge, Mass. :bM.I.T. Press,c1967 axiv, 154 p. :billus., facsims., maps, plans. ;c23 cm. aTranslation of Le origini dell'urbanistica moderna. aIncludes Index and bibliographical references. 0aCity planningxHistory.951868 2ddccBK c16797d16797 00102ddc40718NFICaRUCLbRUCLcReadingd1972-01-05eZeitlingerg55.00l0o711.409 BEO 1967r2014-02-15 00:00:00tC-2w2014-02-15yBK